40 Największych miast w województwie dolnośląskim - Statystyki

Ogólne statystyki
  • Ten quiz został rozwiązany 38 razy
  • Średni wynik to 28 z 40
Statystyki odpowiedzi
Ludność Miasto % Poprawnych
79 200 Jelenia Góra
100%
99 486 Legnica
100%
111 896 Wałbrzych
100%
674 132 Wrocław
100%
72 428 Lubin
97%
30 374 Zgorzelec
97%
38 852 Bolesławiec
94%
56 803 Świdnica
91%
66 120 Głogów
89%
26 845 Kłodzko
89%
33 029 Oława
86%
37 169 Oleśnica
86%
22 480 Polkowice
86%
33 239 Dzierżoniów
77%
8 809 Lwówek Śląski
77%
17 436 Bogatynia
74%
21 087 Lubań
74%
11 304 Milicz
74%
13 331 Trzebnica
74%
12 373 Wołów
74%
15 564 Złotoryja
74%
22 890 Jawor
71%
19 010 Kamienna Góra
71%
9 516 Środa Śląska
69%
15 004 Ząbkowice-Śląskie
69%
11 797 Góra
63%
12 460 Strzelin
63%
29 971 Bielawa
60%
9 862 Kudowa-Zdrój
57%
22 067 Nowa Ruda
57%
12 511 Brzeg Dolny
51%
16 106 Strzegom
51%
22 793 Świebodzice
51%
15 368 Boguszów-Gorce
46%
10 134 Bystrzyca Kłodzka
46%
13 355 Chojnów
43%
9 099 Oborniki Śląskie
40%
10 397 Syców
37%
10 869 Kowary
34%
15 803 Jelecz-Laskowice
3%
Nie znaleziono quizów pasujących do podanych kryteriów
Rozkład punktacji
Procent ludzi z każdym wynikiem
Percentyl według liczby udzielonych odpowiedzi
Twoja historia wyników
Nie rozwiązałeś tego quizu